TFT Set 16 - Lore & Légendes - Statistiques

Statistiques générales
  • Ce quiz a été pris 204 fois
  • Le résultat moyen est 74 sur 148
Statistiques - réponses
% Correct
Demacia
88%
Swain
86%
Noxus
82%
Sion
78%
Yordle
78%
Ionia
77%
Vi
77%
Poppy
76%
Darius
75%
Draven
75%
Lux
74%
Mel
74%
Ziggs
74%
Fizz
73%
Galio
73%
Jarvan IV
73%
Lulu
73%
Ambessa
72%
Garen
72%
LeBlanc
72%
Sona
72%
Briar
71%
Kennen
69%
Rumble
69%
Caitlyn
68%
Jinx
68%
Nautilus
68%
Piltover
68%
Teemo
68%
Tristana
68%
Twisted Fate
68%
Xin Zhao
68%
Gangplank
67%
Illaoi
67%
Kog'Maw
67%
Graves
66%
Miss Fortune
66%
Zaun
66%
Ashe
64%
Ekko
64%
Kai'Sa
64%
Tahm Kench
64%
Vayne
64%
Bilgewater
63%
Neeko
62%
Shen
62%
Sylas
62%
Targon
62%
Veigar
62%
Volibear
62%
Azir
61%
Bel'Veth
61%
Orianna
61%
Sett
61%
Warwick
61%
Jhin
60%
Milio
60%
Shurima
60%
Arcanist
59%
Baron Nashor
59%
Braum
59%
Cho'Gath
59%
Qiyana
59%
Singed
59%
Lissandra
58%
Renekton
58%
Void
58%
Yasuo
58%
Anivia
57%
Seraphine
57%
Yone
57%
Aphelios
56%
Aurelion Sol
56%
Leona
56%
Sejuani
56%
Tryndamere
56%
Ahri
55%
Blitzcrank
55%
Dr. Mundo
55%
Malzahar
55%
Nasus
55%
Rek'Sai
55%
T-Hex
55%
Viego
55%
Yunara
55%
Kobuko & Yuumi
54%
Taric
54%
Xerath
54%
Zoe
54%
Brock
53%
Diana
53%
Loris
53%
Wukong
53%
Aatrox
52%
Ixtal
52%
Nidalee
52%
Freljord
51%
Ryze
49%
Skarner
49%
Yorick
49%
Zilean
49%
Gwen
48%
Kalista
48%
Thresh
47%
Kindred
46%
Ornn
46%
Zaahen
46%
Shyvana
45%
Annie
44%
Lucian & Senna
44%
Bruiser
41%
Bard
40%
Rift Herald
39%
Defender
38%
Fiddlesticks
38%
Darkin
37%
Juggernaut
32%
Shadow Isles
32%
Invoker
29%
Warden
28%
Slayer
27%
Longshot
24%
Vanquisher
21%
Quickstriker
19%
Disruptor
18%
Gunslinger
17%
Emperor
16%
The Boss
14%
Blacksmith
9%
Huntress
9%
Assimilator
8%
Caretaker
7%
Dark Child
6%
Dragonborn
6%
Heroic
6%
Rune Mage
6%
World Ender
6%
Chronokeeper
5%
Harvester
5%
Star Forger
5%
Ascendant
4%
Chainbreaker
4%
Eternal
4%
Soulbound
4%
Glutton
3%
Immortal
3%
Riftscourge
2%
HexMech
1%
Aucun quiz correspondant
Distribution des résultats
% des personnes avec chaque résultat
Percentile par nombre de réponses
Votre historique - résultats
Vous n’avez pas pris ce quiz